000 00439nam a22001697a 4500
003 NUST - PNEC
005 20170116181035.0
008 150919b xxu||||| |||| 00| 0 eng d
020 _a-
040 _cLIBRARY
082 _a621.4021 KHA
100 _911343
_aKhan, Aijaz Ahmed
245 _aThermodynamics with engineering applications
_cAijaz Ahmed Khan
260 _cc.1999
650 _911346
_aThermodynamics
_xME
942 _2ddc
_cBK
999 _c67904
_d67904